Animaux dans les logos des clubs de football - Statistiques

Statistiques générales
  • Ce quiz a été pris 900 fois
  • Le résultat moyen est 11 sur 20
Statistiques - réponses
Club Animal % Correct
Lille OSC Dogue
92%
AS Rome Loup
90%
SL Benfica Aigle
87%
FC Sochaux-Montbéliard Lion
81%
Leicester City Renard
74%
Atletico Madrid Ours
69%
Hull City Tigre
66%
Nîmes Olympique Crocodile
59%
RB Salzbourg Taureau
56%
1. FC Cologne Chèvre
53%
Swansea City Cygne
53%
Brighton FC Mouette
53%
Valencia CF Chauve-souris
50%
FC Twente Cheval
50%
Brentford FC Abeille
48%
Tottenham Hotspur Coq
46%
Amiens SC Licorne
43%
USL Dunkerque Dauphin
35%
Newcastle United Hippocampe
22%
Norwich City Canari
20%
Aucun quiz correspondant
Distribution des résultats
% des personnes avec chaque résultat
Percentile par nombre de réponses
Votre historique - résultats
Vous n’avez pas pris ce quiz